Němá a nemilovaná /

Hlavní autor: Larsen, Viola
Další autoři: Podolská, Zora
Jazyk: Čeština
Vydáno: Praha : I. Železný, 1995
Vydání: Vyd. 1.
Edice: Knihovnička Večerů pod lampou
Doktor v domě
Témata:
Fyzický popis: 57 s. ; 18 cm
Knihy
Uloženo v:
LEADER 01200nam a2200349 a 4500
001 000021388
003 CZ BrMZK
005 20220222160602.0
007 ta
008 950313s1995 xr g j cze d
020 |a 80-237-2023-6 
040 |a BOA001  |b cze 
041 1 |a cze  |h ger 
072 7 |a 821.112.2-3  |x Německá próza, německy psaná  |2 Konspekt  |9 25 
080 |a 821.112.2-32  |2 MRF 
080 |a (0:82-322.5)  |2 MRF 
100 1 |a Larsen, Viola  |7 jn20001103360  |4 aut 
245 1 0 |a Němá a nemilovaná /  |c Viola Larsenová ; z německého originálu přeložila Zora Podolská 
250 |a Vyd. 1. 
260 |a Praha :  |b I. Železný,  |c 1995 
300 |a 57 s. ;  |c 18 cm 
490 1 |a Knihovnička Večerů pod lampou ;  |v 1602 
490 1 |a Doktor v domě ;  |v 130 (23/95) 
655 7 |a německé povídky  |7 fd132942  |2 czenas 
655 7 |a milostné povídky  |7 fd132834  |2 czenas 
700 1 |a Podolská, Zora  |7 jx20040216029  |4 trl 
765 0 |t Stumm und ungeliebt 
830 0 |a Knihovnička Večerů pod lampou 
830 0 |a Doktor v domě 
910 |a BOA001  |b 1-1009.141 
990 |a BK 
996 6 |b 2610021446  |c 1-1009.141  |l MZK  |r Sklad / do 1 hodiny  |n 1  |p p.v.  |w 000021388  |u 000010  |a 1  |e BOA001  |j MZK50  |s P